[Event "Morava-ch U16"]
[Site "Loucna nad Desnou"]
[Date "2017.10.24"]
[Round "1"]
[White "Stefanik, Marek"]
[Black "Janosova, Katerina Anna"]
[Result "1-0"]
[WhiteElo "1771"]
[BlackElo "1334"]
[PlyCount "75"]
[EventDate "2017.10.24"]
[EventType "swiss"]
[EventRounds "9"]
[EventCountry "CZE"]
[SourceTitle "EXT 2020"]
[Source "ChessBase"]
[SourceDate "2019.10.17"]
[SourceVersion "1"]
[SourceVersionDate "2019.10.17"]
[SourceQuality "1"]

1. e4 e5 2. Nf3 Nf6 3. Nc3 Nc6 4. Bc4 Bb4 5. 0-0 0-0 6. Re1 d6 7. a3 Bxc3 8. dxc3 h6 9. h3 Be6 10. Bd3 Ne7 11. Be3 Ng6 12. Qd2 a6 13. Nh2 Qd7 14. f4 exf4 15. Bxf4 Qc6 16. Nf3 d5 17. e5 Ne4 18. Bxe4 dxe4 19. Nd4 Qd5 20. Qe3 c5 21. Nxe6 fxe6 22. Rad1 Qc4 23. Bg3 Rad8 24. b3 Qb5 25. Qxe4 Ne7 26. Bf2 Nd5 27. c4 Nc3 28. Rxd8 Rxd8 29. Qf3 Qa5 30. Qxb7 Rd1 31. Rxd1 Nxd1 32. Qc8+ Kh7 33. Qxe6 Nxf2 34. Qf5+ Kh8 35. Qxf2 Qc7 36. Qf8+ Kh7 37. Qd6 Qa5 38. e6 1-0

[Event "Liptovsky Mikulas CupT U20"]
[Site "Liptovsky Mikulas"]
[Date "2017.06.23"]
[Round "5.4"]
[White "Vozarova, Adriana"]
[Black "Janosova, Katerina Anna"]
[Result "1/2-1/2"]
[WhiteElo "1681"]
[BlackElo "1334"]
[PlyCount "48"]
[EventDate "2017.06.21"]
[EventType "team-swiss"]
[EventRounds "8"]
[EventCountry "SVK"]
[SourceTitle "CBM 179 Extra"]
[Source "ChessBase"]
[SourceDate "2017.08.23"]
[SourceVersion "1"]
[SourceVersionDate "2017.08.23"]
[SourceQuality "1"]
[WhiteTeam "Bratislava KSN"]
[BlackTeam "Opavsko II"]
[WhiteTeamCountry "SVK"]
[BlackTeamCountry "CZE"]

1. e4 e5 2. Nf3 Nf6 3. Nxe5 d6 4. Nf3 Nxe4 5. d4 d5 6. Bd3 Bf5 7. 0-0 Bd6 8. Re1 0-0 9. c4 c6 10. Nc3 Bb4 11. Qc2 Re8 12. a3 Bxc3 13. bxc3 Nd7 14. Qb3 Nec5 15. dxc5 Nxc5 16. Qd1 Nxd3 17. Rxe8+ Qxe8 18. Nd4 Qe5 19. cxd5 Qxd5 20. Be3 Be4 21. f3 Bf5 22. Qb1 b6 23. Qc2 Bg6 24. Rd1 Qc4 1/2-1/2

[Event "Liptovsky Mikulas V4 U15 op"]
[Site "Liptovsky Mikulas"]
[Date "2016.06.24"]
[Round "7"]
[White "Szymanska, Joanna"]
[Black "Janosova, Katerina Anna"]
[Result "1/2-1/2"]
[WhiteElo "1400"]
[BlackElo "1144"]
[PlyCount "60"]
[EventDate "2016.06.22"]
[EventType "swiss"]
[EventRounds "9"]
[EventCountry "SVK"]
[SourceTitle "CBM 173 Extra"]
[Source "ChessBase"]
[SourceDate "2016.08.29"]
[SourceVersion "1"]
[SourceVersionDate "2016.08.29"]
[SourceQuality "1"]

1. e4 e5 2. Nc3 Nf6 3. f4 Nc6 4. Nf3 d5 5. fxe5 Nxe4 6. d4 Bb4 7. Bd2 Bg4 8. Bb5 Qd7 9. h3 Bxf3 10. Qxf3 Nxd2 11. Kxd2 0-0-0 12. Rae1 Rhf8 13. Kc1 Qe6 14. Rd1 Kb8 15. a3 Be7 16. Rhf1 Bg5+ 17. Kb1 Ne7 18. Bd3 Nc6 19. Bxh7 g6 20. Bxg6 Qxg6 21. Nxd5 Qe6 22. Qg3 Rxd5 23. Qxg5 Rxd4 24. Rxd4 Nxd4 25. Qg7 Qe7 26. Rf6 Qc5 27. c3 Ne6 28. Qh6 a6 29. g4 Qxe5 30. Rxe6 Qxe6 1/2-1/2

[Event "Liptovsky Mikulas V4 U15 op"]
[Site "Liptovsky Mikulas"]
[Date "2016.06.23"]
[Round "5"]
[White "Mizicka, Matus"]
[Black "Janosova, Katerina Anna"]
[Result "1-0"]
[WhiteElo "1576"]
[BlackElo "1144"]
[PlyCount "63"]
[EventDate "2016.06.22"]
[EventType "swiss"]
[EventRounds "9"]
[EventCountry "SVK"]
[SourceTitle "CBM 173 Extra"]
[Source "ChessBase"]
[SourceDate "2016.08.29"]
[SourceVersion "1"]
[SourceVersionDate "2016.08.29"]
[SourceQuality "1"]

1. e4 e5 2. Nf3 Nc6 3. d4 exd4 4. Nxd4 Nf6 5. Nc3 Bb4 6. Nxc6 bxc6 7. Bd3 0-0 8. 0-0 d6 9. h3 Be6 10. f4 Bc5+ 11. Kh1 Bd4 12. f5 Bd7 13. Ne2 Be5 14. c3 d5 15. exd5 cxd5 16. Bf4 Qe7 17. Qd2 Nh5 18. Bxe5 Qxe5 19. Qg5 Nf6 20. Rae1 h6 21. Qd2 Nh5 22. Kg1 Qd6 23. Rf3 Qb6+ 24. Kh1 c5 25. Ng3 Nf6 26. Bb1 Bc6 27. Rf4 Rad8 28. Rh4 Kh7 29. Nh5 Ne4 30. Rexe4 Bb7 31. Reg4 Rg8 32. f6+ 1-0

[Event "Liptovsky Mikulas CupT U20"]
[Site "Liptovsky Mikulas"]
[Date "2014.06.20"]
[Round "3.2"]
[White "Netusil, Jan"]
[Black "Janosova, Katerina Anna"]
[Result "1-0"]
[WhiteElo "1738"]
[BlackElo "1283"]
[PlyCount "123"]
[EventDate "2014.06.19"]
[EventType "team-swiss"]
[EventRounds "7"]
[EventCountry "SVK"]
[SourceTitle "EXT 2015"]
[Source "ChessBase"]
[SourceDate "2014.11.20"]
[SourceVersion "1"]
[SourceVersionDate "2014.11.20"]
[SourceQuality "1"]
[WhiteTeam "Postoupky (U18)"]
[BlackTeam "Opavsko (U18) II"]
[WhiteTeamCountry "CZE"]
[BlackTeamCountry "CZE"]

1. e4 e5 2. Nf3 Nc6 3. d4 exd4 4. Nxd4 d5 5. Bb5 Bd7 6. exd5 Nxd4 7. Bxd7+ Qxd7 8. Qxd4 Nf6 9. Nc3 c6 10. Qe5+ Qe7 11. Qxe7+ Bxe7 12. dxc6 bxc6 13. 0-0 0-0 14. Be3 Bd6 15. Rad1 Be7 16. Rd3 Ng4 17. Bf4 Bc5 18. Ne4 Be7 19. Bd6 Bxd6 20. Rxd6 Ne5 21. b3 a5 22. f4 Ng6 23. Rxc6 Rfc8 24. Rxc8+ Rxc8 25. c4 a4 26. g3 axb3 27. axb3 Rb8 28. Rb1 Ne7 29. Kf2 Nc6 30. Ke3 Kf8 31. Kd3 Rb4 32. Kc3 Ke7 33. Rd1 Rb8 34. Rd6 Na5 35. b4 f5 36. bxa5 fxe4 37. Rb6 Ra8 38. a6 e3 39. Kd3 e2 40. Kxe2 Kf7 41. c5 Re8+ 42. Kf3 Rc8 43. a7 Ra8 44. Rb7+ Kf6 45. c6 Ke6 46. c7 Kd7 47. Rb8 Kxc7 48. Rxa8 Kb7 49. Re8 Kxa7 50. Ke4 Kb7 51. Kd5 Kc7 52. Re6 Kd7 53. f5 h6 54. f6 gxf6 55. Rxf6 h5 56. Rf7+ Ke8 57. Ke6 Kd8 58. h3 Kc8 59. g4 hxg4 60. hxg4 Kd8 61. g5 Kc8 62. g6 1-0